伊那市?伊奈町? - Statistics

General Stats
  • This quiz has been taken 24 times
  • The average score is 7 of 10
Answer Stats
Hint Explanation Answer % Correct
面積は30㎢未満 伊奈町:14.79㎢
伊那市:667.93㎢
伊奈町
95%
主に天竜川などが流れている 伊那市
91%
人口は増加傾向にある 伊奈町
91%
隣接自治体は10個以上 伊那市:駒ヶ根市、塩尻市、諏訪市、茅野市、箕輪町、南箕輪村、宮田村、大鹿村、木曽町、富士見町、静岡市、南アルプス市、北杜市
伊奈町:上尾市、桶川市、蓮田市
伊那市
86%
人口が5万人以上いる 伊那市:約6.3万人
伊奈町:約4.5万人
伊那市
82%
JRの駅がある 伊那市
82%
市町村の木にカエデがある 伊奈町:モクセイ 伊那市
68%
姉妹都市につくばみらい市がある 伊奈町(現:つくばみらい市)とともに、名前の由来が伊奈氏であることから 伊奈町
55%
中高併設の学校がある 国際学院中学校・高等学校がある 伊奈町
45%
タクシーの営業区域は県南中央交通圏 伊奈町
41%
No matching quizzes found
Score Distribution
Percent of People with Each Score
Percentile by Number Answered
Your Score History
You have not taken this quiz